000
00336 a2200169 4500
001
174928
020
_a
040
_c
Magnum
100
_a
Rodrigues, Antonio Eustáquio de Lima
240
1
0
_a
Piriri
_l
por
245
1
0
_a
Piriri
300
_a
23
362
0
_a
1985
440
1
_a
Lê
697
_a
LITERATURA INFANTO
942
_c
BK
999
_c
174928
_d
174928